000 00766nam a2200253Ia 4500
003 OSt
005 20220918213701.0
006 a|||||r|||| 00| 0
007 ta
008 220917b |||||||| |||| 00| 0 eng d
024 _a133,832
037 _cTextual
040 _aARTS
_cARTS
_beng
041 _2eng
_aeng
082 _aX:97Dv5.N, M5
100 _aMommsen Wolfgang J Ed
_9121197
245 0 _aDevelopment of trade unionism in Great Britain and Germany 1880-1914
260 _aLondon
_bGeorge Allen and Uniwn
_c1985
300 _aviii, 400p.
_ccm.
650 _aECONOMICS
700 _a Husung Hans Gerhard Ed.
_9127989
942 _hX:97Dv5.N, M5
_cTEXL
_2CC
999 _c256939
_d256939